[Event "BRA-ch U12 Girls"]
[Site "Florianopolis"]
[Date "2018.04.30"]
[Round "5"]
[White "Rodrigues Mota, Sophia Lorena"]
[Black "Blau, Emily Camile"]
[Result "0-1"]
[WhiteElo "1642"]
[BlackElo "1210"]
[PlyCount "84"]
[EventDate "2018.04.28"]
[EventType "swiss"]
[EventRounds "6"]
[EventCountry "BRA"]
[SourceTitle "EXT 2021"]
[Source "ChessBase"]
[SourceDate "2020.10.23"]
[SourceVersion "1"]
[SourceVersionDate "2020.10.23"]
[SourceQuality "1"]

1. e4 e5 2. Nf3 Nc6 3. d4 exd4 4. Bc4 h6 5. Nxd4 Nxd4 6. Qxd4 Nf6 7. 0-0 c5 8. Qd3 Be7 9. Be3 Ng4 10. h3 Ne5 11. Qd5 Nxc4 12. Qxc4 d6 13. Nc3 Be6 14. Nd5 0-0 15. Nxe7+ Qxe7 16. Qb5 a6 17. Qb6 Rfc8 18. Qa5 Rc6 19. Rfd1 b6 20. Qd2 Rd8 21. e5 d5 22. c3 b5 23. a3 a5 24. b4 axb4 25. axb4 cxb4 26. cxb4 Rc4 27. Ra7 Qxb4 28. Bb6 Qxd2 29. Rxd2 Rc1+ 30. Kh2 Rdc8 31. Rb2 R1c2 32. Rxb5 Rb8 33. f3 d4 34. Kg1 d3 35. Kf1 Bc4 36. Rb1 d2+ 37. Kg1 Rc1+ 38. Rxc1 dxc1Q+ 39. Kh2 Rxb6 40. Ra8+ Kh7 41. Rc8 Qf4+ 42. Kh1 Rb1# 0-1

[Event "Catarinense-ch (Women)"]
[Site "Blumenau"]
[Date "2017.05.19"]
[Round "1"]
[White "Blau, Emily Camile"]
[Black "Vercino, Gabriela"]
[Result "0-1"]
[WhiteElo "1266"]
[BlackElo "1631"]
[PlyCount "48"]
[EventDate "2017.05.19"]
[EventType "swiss"]
[EventRounds "6"]
[EventCountry "BRA"]
[SourceTitle "CBM 178 Extra"]
[Source "ChessBase"]
[SourceDate "2017.06.22"]
[SourceVersion "1"]
[SourceVersionDate "2017.06.22"]
[SourceQuality "1"]

1. d4 d5 2. Nf3 Bf5 3. Nc3 e6 4. Bf4 a6 5. e3 c5 6. Be2 Nc6 7. 0-0 c4 8. b3 b5 9. a4 b4 10. Na2 c3 11. Bd3 Bg6 12. Re1 Nf6 13. Bxg6 hxg6 14. Be5 Ng4 15. Qc1 Ncxe5 16. Nxe5 Nxh2 17. Nxb4 Bxb4 18. Nc6 Qb6 19. Ne5 Bd6 20. a5 Qd8 21. Nf3 Nxf3+ 22. gxf3 Rh2 23. Re2 Qg5+ 24. Kf1 Rh1# 0-1

[Event "BRA-ch U12 Girls"]
[Site "Brasilia"]
[Date "2017.04.22"]
[Round "3"]
[White "Flores, Clarice Soares Leit"]
[Black "Blau, Emily Camile"]
[Result "1-0"]
[WhiteElo "1726"]
[BlackElo "1284"]
[PlyCount "59"]
[EventDate "2017.04.21"]
[EventType "swiss"]
[EventRounds "6"]
[EventCountry "BRA"]
[SourceTitle "CBM 177 Extra"]
[Source "ChessBase"]
[SourceDate "2017.04.27"]
[SourceVersion "1"]
[SourceVersionDate "2017.04.27"]
[SourceQuality "1"]

1. e4 Nc6 2. d4 e5 3. d5 Nd4 4. Nf3 Bc5 5. Nxe5 Nh6 6. Be3 Nxc2+ 7. Qxc2 Bb4+ 8. Bd2 Bxd2+ 9. Qxd2 d6 10. Nf3 0-0 11. Be2 Re8 12. Nc3 Bg4 13. 0-0 a6 14. h3 Bxf3 15. Bxf3 g6 16. Qxh6 Rb8 17. Rfe1 b5 18. Ne2 b4 19. a3 a5 20. Nf4 Rb5 21. axb4 axb4 22. Bh5 Qh4 23. g3 Qf6 24. Rac1 Rc5 25. Rxc5 dxc5 26. Nd3 c4 27. Qf4 Qd8 28. Bxg6 cxd3 29. Qxf7+ Kh8 30. Qxh7# 1-0

[Event "Caioba Telecom op"]
[Site "Caioba"]
[Date "2016.08.27"]
[Round "3"]
[White "Feller, Gabriela Luisa Vice"]
[Black "Blau, Emily Camile"]
[Result "1-0"]
[WhiteElo "1458"]
[BlackElo "1693"]
[PlyCount "59"]
[EventDate "2016.08.26"]
[EventType "swiss"]
[EventRounds "6"]
[EventCountry "BRA"]
[SourceTitle "CBM 174 Extra"]
[Source "ChessBase"]
[SourceDate "2016.10.10"]
[SourceVersion "1"]
[SourceVersionDate "2016.10.10"]
[SourceQuality "1"]

1. d4 d5 2. c4 Nf6 3. Nc3 Bf5 4. Bf4 e6 5. Nf3 Nc6 6. e3 Bd6 7. Bg3 0-0 8. Nh4 Bxg3 9. hxg3 Re8 10. Nxf5 exf5 11. cxd5 Nxd5 12. Bb5 Re7 13. Bxc6 bxc6 14. Qh5 h6 15. Qxf5 Rb8 16. e4 Nxc3 17. bxc3 Qe8 18. f3 Rd8 19. g4 Rd5 20. Qf4 Rg5 21. Kf2 Re6 22. Qxc7 a6 23. Rab1 Kf8 24. Rb8 Qxb8 25. Qxb8+ Re8 26. Qd6+ Kg8 27. Qxc6 a5 28. Qxe8+ Kh7 29. Qxf7 a4 30. e5 1-0

[Event "BRA-ch sf (Women)"]
[Site "Blumenau"]
[Date "2015.10.30"]
[Round "2.7"]
[White "Spindola, Carine dos Santos"]
[Black "Blau, Emily Camile"]
[Result "1-0"]
[WhiteElo "1335"]
[BlackElo "1745"]
[PlyCount "81"]
[EventDate "2015.10.30"]
[EventType "swiss"]
[EventRounds "7"]
[EventCountry "BRA"]
[SourceTitle "EXT 2022"]
[Source "ChessBase"]
[SourceDate "2021.10.06"]
[SourceVersion "1"]
[SourceVersionDate "2021.10.06"]
[SourceQuality "1"]

1. c4 Nf6 2. d4 e6 3. Nc3 d5 4. cxd5 exd5 5. Bf4 Bd6 6. Qd2 Bxf4 7. Qxf4 0-0 8. Qd2 Nc6 9. e3 Bd7 10. Bd3 g6 11. Nf3 Re8 12. a3 Ne4 13. Qc2 Nxc3 14. bxc3 Re6 15. h4 b5 16. Bxb5 Rb8 17. Bxc6 Bxc6 18. h5 Rb5 19. Rb1 Qb8 20. Kd2 Rb7 21. Rxb7 Qxb7 22. Rb1 Ba4 23. Rxb7 Bxc2 24. Kxc2 Rb6 25. Rxb6 axb6 26. hxg6 hxg6 27. Kd3 f5 28. c4 c6 29. Ne5 dxc4+ 30. Kxc4 b5+ 31. Kc5 Kg7 32. Kxc6 b4 33. axb4 Kf6 34. b5 g5 35. b6 f4 36. exf4 gxf4 37. b7 Kg5 38. b8Q Kh4 39. Qg8 Kh5 40. Qg6+ Kh4 41. Qg4# 1-0